000 00375nam a2200157 4500
005 20251208154118.0
008 CUC123
020 _a9781861523167
050 _aHF 1416 NEL
_b1
100 _aNELSON A. Carl
245 _aExporting:
_b A managers guide to the world market
260 _aLondon
_bITP
_c1999
300 _aIX,257p
500 _adiagrams,index
942 _2lcc
_cBK
_n0
999 _c8504
_d8504